[Event "Alushta Autumn 4th"]
[Site "Alushta"]
[Date "2013.09.15"]
[Round "9"]
[White "Pavlov, Maxim"]
[Black "Golovin, Leonid"]
[Result "1-0"]
[WhiteElo "2408"]
[BlackElo "2455"]
[PlyCount "105"]
[EventDate "2013.09.11"]
[EventType "tourn"]
[EventRounds "14"]
[EventCountry "UKR"]
[EventCategory "7"]
[SourceTitle "CBM 156 Extra"]
[Source "ChessBase"]
[SourceDate "2013.10.22"]
[SourceVersion "1"]
[SourceVersionDate "2013.10.22"]
[SourceQuality "1"]

1. e4 c5 2. Nf3 d6 3. d4 cxd4 4. Nxd4 Nf6 5. Nc3 Nbd7 6. g4 d5 7. Nxd5 Nxd5 8. exd5 Qa5+ 9. c3 Qxd5 10. Rg1 e5 11. Nb5 Qxd1+ 12. Kxd1 Kd8 13. Be3 a6 14. Na3 Bc5 15. Nc4 Bxe3 16. Nxe3 Nb6 17. Bg2 Kc7 18. b3 h5 19. g5 h4 20. Ke2 Be6 21. Rad1 Rad8 22. Be4 g6 23. f3 a5 24. c4 Rxd1 25. Rxd1 Rh5 26. Rg1 Nd7 27. Nd5+ Kd6 28. Nc3 Nc5 29. Ke3 b6 30. Bc2 Bd7 31. Nd5 Bc6 32. Nf6 Rh8 33. Rd1+ Kc7 34. Be4 Ne6 35. Bxc6 Kxc6 36. Nd7 Re8 37. Nxe5+ Kc5 38. a3 Nc7 39. f4 Re7 40. Rd7 Rxd7 41. Nxd7+ Kc6 42. Ne5+ Kd6 43. Nxf7+ Ke6 44. Ne5 Kf5 45. Nd7 Kg4 46. Ne5+ Kf5 47. b4 axb4 48. axb4 Ne6 49. Nd3 Kg4 50. c5 bxc5 51. bxc5 Kf5 52. c6 Nc7 53. Kd4 1-0

[Event "Moscow Govrnor Cup-A rapid KO"]
[Site "Moscow"]
[Date "2013.02.23"]
[Round "4.2"]
[White "Gubajdullin, Alexey"]
[Black "Golovin, Leonid"]
[Result "1/2-1/2"]
[WhiteElo "2332"]
[BlackElo "2471"]
[PlyCount "125"]
[EventDate "2013.02.23"]
[EventType "k.o. (rapid)"]
[EventRounds "4"]
[EventCountry "RUS"]
[SourceTitle "CBM 153 Extra"]
[Source "ChessBase"]
[SourceDate "2013.04.22"]
[SourceVersion "1"]
[SourceVersionDate "2013.04.22"]
[SourceQuality "1"]

1. e4 c5 2. b3 Nc6 3. Bb2 d6 4. Bb5 Bd7 5. Ne2 Nf6 6. Bxc6 Bxc6 7. d3 g6 8. 0-0 Bg7 9. Nd2 0-0 10. a4 e5 11. Nc4 Re8 12. f4 exf4 13. Nxf4 d5 14. exd5 Nxd5 15. Bxg7 Kxg7 16. Qd2 Nxf4 17. Rxf4 Bd5 18. Raf1 Re7 19. Ne3 Be6 20. Qc3+ Kg8 21. Qxc5 b6 22. Qg5 Qd6 23. Qf6 Qc7 24. h4 Ree8 25. h5 Qc5 26. d4 Qxh5 27. Rh4 Qe2 28. Rf3 Rac8 29. d5 Bxd5 30. Nxd5 Qd1+ 31. Kh2 Qxd5 32. Rxh7 Qe5+ 33. Qxe5 Rxe5 34. Rfxf7 Rxc2 35. Rhg7+ Kh8 36. Rh7+ Kg8 37. Rhg7+ Kh8 38. Rh7+ Kg8 39. Rfg7+ Kf8 40. Rxa7 Rh5+ 41. Rxh5 gxh5 42. Rb7 Rc6 43. Kh3 Rc3+ 44. Kh4 Rxb3 45. Kxh5 Rb4 46. g4 Rxa4 47. g5 Kg8 48. Kg6 Ra8 49. Rxb6 Rc8 50. Kh6 Rd8 51. g6 Rc8 52. Rb7 Ra8 53. Rg7+ Kh8 54. Rh7+ Kg8 55. Rg7+ Kh8 56. Rh7+ Kg8 57. Rb7 Rc8 58. Rb6 Ra8 59. Rc6 Rb8 60. Rd6 Rc8 61. Re6 Rd8 62. Rb6 Rc8 63. Ra6 1/2-1/2

[Event "Moscow Govrnor Cup-A rapid KO"]
[Site "Moscow"]
[Date "2013.02.23"]
[Round "4.4"]
[White "Gubajdullin, Alexey"]
[Black "Golovin, Leonid"]
[Result "0-1"]
[WhiteElo "2332"]
[BlackElo "2471"]
[PlyCount "228"]
[EventDate "2013.02.23"]
[EventType "k.o. (rapid)"]
[EventRounds "4"]
[EventCountry "RUS"]
[SourceTitle "CBM 153 Extra"]
[Source "ChessBase"]
[SourceDate "2013.04.22"]
[SourceVersion "1"]
[SourceVersionDate "2013.04.22"]
[SourceQuality "1"]

1. d4 d5 2. Nf3 Nc6 3. Bf4 Bg4 4. e3 e6 5. Be2 Bd6 6. Bg3 Nge7 7. Nbd2 0-0 8. Bxd6 cxd6 9. 0-0 Qb6 10. Rb1 h6 11. Ne1 Bxe2 12. Qxe2 Rac8 13. c3 Na5 14. e4 dxe4 15. Nxe4 Rfd8 16. Nd3 Nc4 17. Rfe1 Qa6 18. a3 Nb6 19. Qf3 Qb5 20. Nf4 Qf5 21. Ng3 Qg5 22. Nh3 Qd5 23. Qg4 Ng6 24. Ne4 Nd7 25. Qg3 Ndf8 26. Nf4 Qc6 27. Nxg6 Nxg6 28. h4 Qd5 29. Qg4 Qf5 30. Qxf5 exf5 31. Ng3 Nxh4 32. Re7 Rb8 33. Rbe1 f4 34. Nh5 f3 35. g3 Nf5 36. R7e4 d5 37. Rf4 g6 38. Rxf3 Rd6 39. Nf4 Rbd8 40. Re5 Rb6 41. b4 Rbd6 42. Rd3 R6d7 43. Kf1 Ne7 44. b5 a6 45. bxa6 bxa6 46. Re1 Rb7 47. Rde3 Nf5 48. Re8+ Rxe8 49. Rxe8+ Kg7 50. Ra8 Rb3 51. Rxa6 Rxc3 52. Nxd5 Rd3 53. Nf4 Rxd4 54. a4 h5 55. Ne2 Rd1+ 56. Kg2 Rd2 57. Kf3 Ra2 58. a5 Ra3+ 59. Kg2 Ra2 60. Kf3 h4 61. gxh4 Nxh4+ 62. Ke3 Ng2+ 63. Kd3 Ne1+ 64. Ke3 Nc2+ 65. Kf3 Nb4 66. Ra8 Nc6 67. a6 Nb4 68. a7 Nc6 69. Rc8 Nxa7 70. Ra8 Ra3+ 71. Kg4 Nb5 72. Rxa3 Nxa3 73. f4 Nc4 74. Kf3 Nd6 75. Nd4 Kf6 76. Ne2 Nf5 77. Nc3 Ke6 78. Ne4 Nd4+ 79. Ke3 Nc6 80. Ng5+ Kf6 81. Ne4+ Kg7 82. Ng5 Ne7 83. Ne4 Nd5+ 84. Kf3 Nf6 85. Nc3 Kf8 86. Ne2 Ke7 87. Nd4 Kd6 88. Ne2 Kd5 89. Nc3+ Kd4 90. Nb5+ Kc5 91. Nc3 Kc6 92. Ne2 Kd5 93. Nc3+ Ke6 94. Nb5 Nd5 95. Nd4+ Kf6 96. Nc6 Ne7 97. Nd4 Nf5 98. Nb5 Ke6 99. Nc3 Kd6 100. Ne4+ Kd5 101. Ng5 Nd6 102. Kg4 Kc6 103. Nh7 Kd7 104. Kg5 Ke7 105. Nf6 Ke6 106. Ng8 Ne4+ 107. Kg4 Nf6+ 108. Nxf6 Kxf6 109. Kg3 Kf5 110. Kf3 f6 111. Kg3 Ke4 112. Kg4 f5+ 113. Kg5 Kf3 114. Kxg6 Kxf4 0-1

[Event "Moscow Govrnor Cup-A rapid KO"]
[Site "Moscow"]
[Date "2013.02.23"]
[Round "3.2"]
[White "Mischuk, Dmitry"]
[Black "Golovin, Leonid"]
[Result "1-0"]
[WhiteElo "2330"]
[BlackElo "2471"]
[PlyCount "195"]
[EventDate "2013.02.23"]
[EventType "k.o. (rapid)"]
[EventRounds "4"]
[EventCountry "RUS"]
[SourceTitle "CBM 153 Extra"]
[Source "ChessBase"]
[SourceDate "2013.04.22"]
[SourceVersion "1"]
[SourceVersionDate "2013.04.22"]
[SourceQuality "1"]

1. d4 g6 2. c4 Bg7 3. Nc3 b6 4. e4 Bb7 5. Be3 e6 6. Qd2 d6 7. Bd3 h6 8. Nge2 Nd7 9. 0-0-0 Ne7 10. f4 a6 11. h4 c5 12. h5 gxh5 13. d5 exd5 14. exd5 Nf6 15. Ng3 Qc7 16. Nxh5 Nxh5 17. Rxh5 0-0-0 18. g4 Kb8 19. f5 Ng8 20. Ne4 b5 21. Bf4 bxc4 22. Bxc4 Nf6 23. Nxf6 Bxf6 24. Rxh6 Rxh6 25. Bxh6 Be5 26. Bf4 Re8 27. Re1 Qb6 28. Bxe5 dxe5 29. g5 Qd6 30. a3 Bc8 31. Qc2 Rg8 32. Rg1 Ka7 33. Qe4 Qe7 34. g6 Qd6 35. Rg2 Qf6 36. Bd3 Bb7 37. Qc4 Ka8 38. Be4 Rh8 39. Kb1 Rg8 40. Ka2 Rf8 41. Qxc5 Rc8 42. Qb4 Rb8 43. Qc3 Rc8 44. Qd2 Rg8 45. Qd3 Rd8 46. gxf7 Qxf7 47. Rg6 Bxd5+ 48. Bxd5+ Qxd5+ 49. Qxd5+ Rxd5 50. Rxa6+ Kb7 51. Re6 e4 52. Rxe4 Rxf5 53. a4 Kb6 54. Ka3 Rf3+ 55. b3 Rh3 56. Kb4 Rh6 57. Kc4 Rc6+ 58. Kd4 Ka5 59. Re5+ Ka6 60. Rc5 Rg6 61. Kc4 Rg4+ 62. Kc3 Rg6 63. Kb4 Rg4+ 64. Rc4 Rg6 65. Rd4 Rb6+ 66. Kc4 Rc6+ 67. Kd5 Rc3 68. Rb4 Ka5 69. Rb5+ Ka6 70. Kd4 Rc8 71. Rc5 Rf8 72. b4 Rf4+ 73. Kc3 Rf3+ 74. Kc4 Rf4+ 75. Kb3 Rf3+ 76. Rc3 Rf4 77. Rc6+ Kb7 78. Rd6 Kc7 79. Rd5 Rf3+ 80. Kc4 Kc6 81. b5+ Kb6 82. Rd6+ Kb7 83. a5 Rf4+ 84. Kc5 Rf5+ 85. Rd5 Rf7 86. Re5 Rc7+ 87. Kd6 Rc2 88. Re7+ Kb8 89. b6 Ra2 90. Kc6 Rc2+ 91. Kb5 Rc8 92. a6 Rg8 93. Kc6 Rg6+ 94. Kc5 Rg5+ 95. Kd6 Rg6+ 96. Re6 Rg8 97. Kd7 Rg7+ 98. Re7 1-0

[Event "Chigorin Memorial 20th"]
[Site "St Petersburg"]
[Date "2012.10.28"]
[Round "2"]
[White "Golovin, Leonid"]
[Black "Fomichenko, Svetlana"]
[Result "1-0"]
[WhiteElo "2475"]
[BlackElo "2256"]
[PlyCount "151"]
[EventDate "2012.10.27"]
[EventType "swiss"]
[EventRounds "9"]
[EventCountry "RUS"]
[SourceTitle "EXT 2013"]
[Source "ChessBase"]
[SourceDate "2012.11.22"]
[SourceVersion "1"]
[SourceVersionDate "2012.11.22"]
[SourceQuality "1"]

1. e4 c5 2. Nf3 Nc6 3. d3 g6 4. g3 Bg7 5. Bg2 e6 6. 0-0 Nge7 7. Re1 0-0 8. e5 d6 9. exd6 Qxd6 10. Nbd2 Nd4 11. Nc4 Qd8 12. Bf4 Nef5 13. c3 Nb5 14. Qb3 Nc7 15. Ne3 Ne7 16. Qc4 Ncd5 17. Nxd5 Nxd5 18. Bg5 Qb6 19. Rab1 Bd7 20. Qh4 f6 21. Bh6 Ne7 22. Bxg7 Kxg7 23. Ne5 Bc8 24. Nc4 Qc7 25. Qe4 Rb8 26. a4 Bd7 27. Ra1 Nf5 28. f4 Bc6 29. Qe2 Rfe8 30. Bxc6 Qxc6 31. a5 Rbd8 32. Qe4 Qxe4 33. dxe4 Nd6 34. Ra4 Nxc4 35. Rxc4 b6 36. b4 cxb4 37. Rc7+ Kh6 38. cxb4 bxa5 39. bxa5 Rd2 40. Rb1 a6 41. Rbb7 Rh8 42. g4 Ra2 43. Rb3 Ra1+ 44. Kg2 Ra2+ 45. Kg3 Rxa5 46. Rf7 f5 47. Rf6 fxe4 48. Rxe6 Rb5 49. Rc3 Rb7 50. Rxa6 Re8 51. Re3 Rbe7 52. f5 Rd7 53. Kf4 Kg7 54. f6+ Kf7 55. g5 Rb8 56. Rxe4 Rb1 57. h4 Rh1 58. Kg3 Rg1+ 59. Kf2 Rb1 60. Rae6 Rbb7 61. Re8 h6 62. Rh8 hxg5 63. hxg5 Rb2+ 64. Ke3 Re2+ 65. Kxe2 Rd2+ 66. Ke3 Rd3+ 67. Kf4 Rf3+ 68. Ke5 Rf5+ 69. Kd4 Rd5+ 70. Kc3 Rd3+ 71. Kc4 Rc3+ 72. Kd4 Rd3+ 73. Ke5 Rd5+ 74. Kf4 Rf5+ 75. Kg4 Rxg5+ 76. Kf4 1-0

[Event "Chigorin Memorial rap 20th"]
[Site "St Petersburg"]
[Date "2012.10.25"]
[Round "3"]
[White "Golovin, Leonid"]
[Black "Vorobiov, Evgeny E"]
[Result "1/2-1/2"]
[WhiteElo "2475"]
[BlackElo "2598"]
[PlyCount "185"]
[EventDate "2012.10.25"]
[EventType "swiss (rapid)"]
[EventRounds "9"]
[EventCountry "RUS"]
[SourceTitle "EXT 2013"]
[Source "ChessBase"]
[SourceDate "2012.11.22"]
[SourceVersion "1"]
[SourceVersionDate "2012.11.22"]
[SourceQuality "1"]

1. Nf3 c5 2. e4 Nc6 3. d3 e6 4. g3 d5 5. Nbd2 Nf6 6. Bg2 g6 7. 0-0 Bg7 8. c3 0-0 9. e5 Nd7 10. d4 b5 11. Re1 b4 12. Nf1 bxc3 13. bxc3 Ba6 14. Ne3 Rb8 15. Ng4 h5 16. Bg5 hxg4 17. Bxd8 gxf3 18. Bc7 Rbc8 19. Qa4 Rxc7 20. Qxa6 fxg2 21. Red1 cxd4 22. cxd4 Nb6 23. Rab1 Nb8 24. Qb5 Rfc8 25. Kxg2 Bf8 26. h4 Nc4 27. Qa4 Nd7 28. Rb3 Ndb6 29. Qa6 Bh6 30. h5 gxh5 31. Rh1 Nd2 32. Rd3 Ne4 33. Rxh5 Bg7 34. Rf3 Nd7 35. Rh4 Nf8 36. Rg4 Rb8 37. Qe2 Rb4 38. Qe3 Ng6 39. Rxe4 dxe4 40. Qxe4 Rd7 41. Rd3 Rd5 42. f4 Ne7 43. a3 Rc4 44. Rb3 Rcxd4 45. Rb8+ Bf8 46. Qf3 Ng6 47. Rb3 Rxf4 48. Qxd5 exd5 49. gxf4 Nxf4+ 50. Kf3 Ne6 51. Rb7 Bxa3 52. Rxa7 Bb4 53. Rd7 d4 54. Kg4 Kg7 55. Kf5 Bc3 56. Rd5 Nf8 57. Rd6 Ne6 58. Rd5 Kf8 59. Kf6 Nc7 60. Rd7 Ne8+ 61. Kf5 Ng7+ 62. Kf6 Nh5+ 63. Kg5 Ke8 64. Rc7 Ng3 65. Kg4 Ne4 66. Kf3 d3 67. Rc8+ Ke7 68. Rb8 d2 69. Rb1 Nc5 70. Ke2 Ke6 71. Rf1 Ne4 72. Rf4 Ng3+ 73. Kd1 Nf5 74. Rf3 Bxe5 75. Kxd2 Nd4 76. Rh3 f5 77. Kd3 Kd5 78. Rh7 Ne6 79. Rd7+ Bd6 80. Ke3 Ke5 81. Kf3 Ng5+ 82. Ke2 f4 83. Rd8 f3+ 84. Kd3 Bc5 85. Rc8 Bg1 86. Rf8 Bc5 87. Rc8 Bd6 88. Ke3 Kf5 89. Rc4 Be5 90. Ra4 Bh2 91. Ra5+ Be5 92. Ra4 Ke6 93. Rg4 1/2-1/2

[Event "Chigorin Memorial rap 20th"]
[Site "St Petersburg"]
[Date "2012.10.25"]
[Round "2"]
[White "Iordachescu, Viorel"]
[Black "Golovin, Leonid"]
[Result "0-1"]
[WhiteElo "2637"]
[BlackElo "2475"]
[PlyCount "66"]
[EventDate "2012.10.25"]
[EventType "swiss (rapid)"]
[EventRounds "9"]
[EventCountry "RUS"]
[SourceTitle "EXT 2013"]
[Source "ChessBase"]
[SourceDate "2012.11.22"]
[SourceVersion "1"]
[SourceVersionDate "2012.11.22"]
[SourceQuality "1"]

1. e4 c5 2. Nc3 Nc6 3. Bb5 d6 4. Bxc6+ bxc6 5. d3 g6 6. f4 Bg7 7. Nf3 Nf6 8. 0-0 0-0 9. Qe1 Ne8 10. f5 gxf5 11. Qh4 f6 12. Kh1 e5 13. Bd2 Be6 14. Ne2 fxe4 15. dxe4 f5 16. Qh3 Bc4 17. exf5 Bxe2 18. Ng5 Nf6 19. Ne6 Qe7 20. Rf2 Bc4 21. Nxg7 Kxg7 22. Qh4 Bg8 23. Rf3 Kh8 24. Raf1 Bd5 25. Rg3 Rf7 26. c4 Ne4 27. f6 Rxf6 28. Rxf6 Qxf6 29. Qxf6+ Nxf6 30. Bh6 Ne4 31. Rg7 Bxc4 32. b3 Bd5 33. h3 Rg8 0-1

[Event "Anapa op"]
[Site "Anapa"]
[Date "2012.08.30"]
[Round "1"]
[White "Golovin, Leonid"]
[Black "Gupalo, Vadim"]
[Result "1-0"]
[WhiteElo "2486"]
[BlackElo "1928"]
[PlyCount "69"]
[EventDate "2012.08.30"]
[EventType "swiss"]
[EventRounds "9"]
[EventCountry "RUS"]
[SourceTitle "CBM 150 Extra"]
[Source "ChessBase"]
[SourceDate "2012.10.19"]
[SourceVersion "1"]
[SourceVersionDate "2012.10.19"]
[SourceQuality "1"]

1. Nf3 Nf6 2. g3 g6 3. Bg2 Bg7 4. d3 0-0 5. e4 d6 6. 0-0 c5 7. e5 Ng4 8. exd6 Qxd6 9. Nbd2 Ne5 10. Nxe5 Qxe5 11. Re1 Qc7 12. Nc4 Nc6 13. Be3 Nd4 14. c3 Ne6 15. Qb3 Rb8 16. Na3 a6 17. Rac1 b5 18. d4 b4 19. cxb4 Bxd4 20. Bxd4 Nxd4 21. Qc3 Qb6 22. Qxc5 Qxb4 23. Qxb4 Rxb4 24. b3 Bg4 25. Kf1 Ne6 26. Nc2 Rbb8 27. Ne3 Bf5 28. Nxf5 gxf5 29. Re5 Rfd8 30. Rxf5 Rd2 31. Ra5 Rb6 32. Be4 Kg7 33. Rc6 Rb4 34. Bf3 Nd4 35. Rg5+ 1-0

[Event "Voronezh op 16th"]
[Site "Voronezh"]
[Date "2012.06.15"]
[Round "4"]
[White "Gritsenko, Vladimir"]
[Black "Golovin, Leonid"]
[Result "0-1"]
[WhiteElo "2268"]
[BlackElo "2486"]
[PlyCount "100"]
[EventDate "2012.06.12"]
[EventType "swiss"]
[EventRounds "9"]
[EventCountry "RUS"]
[SourceTitle "CBM 149 Extra"]
[Source "ChessBase"]
[SourceDate "2012.08.24"]
[SourceVersion "1"]
[SourceVersionDate "2012.08.24"]
[SourceQuality "1"]

1. c4 e5 2. g3 Nc6 3. Bg2 Nf6 4. Nc3 Bb4 5. d3 0-0 6. e4 a6 7. Nge2 Bc5 8. h3 Rb8 9. a3 b5 10. Nd5 h6 11. b4 Ba7 12. Be3 Bxe3 13. fxe3 Ne8 14. 0-0 d6 15. Rc1 Ne7 16. cxb5 axb5 17. Qe1 Ng6 18. Kh2 Bd7 19. Ng1 Ra8 20. Ra1 c6 21. Nc3 Nf6 22. Nf3 Qe7 23. Nd2 Be6 24. d4 Ra6 25. d5 Bd7 26. Nb3 cxd5 27. Nxd5 Nxd5 28. exd5 f5 29. Na5 Qg5 30. Rc1 Ra7 31. h4 Qf6 32. h5 Ne7 33. Qd2 Qg5 34. Nc6 Rxa3 35. Rc3 Rxc3 36. Qxc3 Qxh5+ 37. Kg1 Ng6 38. Qd3 Qg5 39. Kh2 Kh8 40. Qxb5 f4 41. exf4 exf4 42. Qd3 Bg4 43. Kg1 Bf5 44. Qd2 Qxg3 45. Qf2 Qg5 46. Kh2 Nh4 47. Bf3 Nxf3+ 48. Qxf3 Bg4 49. Qe4 f3 50. Qe7 Qd2+ 0-1

[Event "Voronezh op-A 15th"]
[Site "Voronezh"]
[Date "2011.06.13"]
[Round "2"]
[White "Vlasenko, Miroslav"]
[Black "Golovin, Leonid"]
[Result "1/2-1/2"]
[WhiteElo "2357"]
[BlackElo "2475"]
[PlyCount "50"]
[EventDate "2011.06.12"]
[EventType "swiss"]
[EventRounds "9"]
[EventCountry "RUS"]
[SourceTitle "CBM 143 Extra"]
[Source "ChessBase"]
[SourceDate "2011.08.29"]
[SourceVersion "1"]
[SourceVersionDate "2011.08.29"]
[SourceQuality "1"]

1. d4 d5 2. c4 Nc6 3. cxd5 Qxd5 4. e3 e5 5. Nc3 Bb4 6. Bd2 Bxc3 7. Bxc3 exd4 8. Ne2 Nf6 9. Nxd4 0-0 10. Nb5 Qg5 11. Nxc7 Bg4 12. Qb3 Rab8 13. Qb5 Qh6 14. Be2 a6 15. Qb3 Bxe2 16. Kxe2 Rfc8 17. Bxf6 Qxf6 18. Nd5 Qg5 19. Rhd1 Qh5+ 20. Kf1 Qxh2 21. Rac1 Qh1+ 22. Ke2 Qh5+ 23. Kf1 Qh1+ 24. Ke2 Qh5+ 25. Kf1 Qh1+ 1/2-1/2

[Event "Voronezh op-A 15th"]
[Site "Voronezh"]
[Date "2011.06.12"]
[Round "1"]
[White "Golovin, Leonid"]
[Black "Semenova, Irina"]
[Result "1-0"]
[WhiteElo "2475"]
[BlackElo "2236"]
[PlyCount "231"]
[EventDate "2011.06.12"]
[EventType "swiss"]
[EventRounds "9"]
[EventCountry "RUS"]
[SourceTitle "CBM 143 Extra"]
[Source "ChessBase"]
[SourceDate "2011.08.29"]
[SourceVersion "1"]
[SourceVersionDate "2011.08.29"]
[SourceQuality "1"]

1. Nf3 Nf6 2. g3 g6 3. d3 Bg7 4. e4 d6 5. Bg2 0-0 6. 0-0 e5 7. a4 Nc6 8. c3 h6 9. Re1 Bg4 10. h3 Bd7 11. d4 Kh7 12. dxe5 dxe5 13. Nbd2 Be6 14. Qe2 Nd7 15. b4 a6 16. Ba3 Re8 17. Nc4 b5 18. axb5 axb5 19. Ne3 Qb8 20. Bf1 Na7 21. Bc1 Nb6 22. Qc2 c6 23. Ng4 Nc4 24. Nd2 Nxd2 25. Bxd2 h5 26. Nh2 Nc8 27. Nf3 f6 28. Be3 Nd6 29. Nd2 Qc7 30. Qb2 Red8 31. Ra3 Rxa3 32. Qxa3 Qd7 33. h4 Bh6 34. Bxh6 Kxh6 35. Ra1 Rc8 36. Qa7 Rc7 37. Qc5 Kg7 38. Be2 Nc8 39. Nf1 Qe7 40. Qxe7+ Nxe7 41. Ne3 Rd7 42. Kf1 Kf7 43. Ke1 Nc8 44. Ra6 Rc7 45. f4 Nd6 46. Bf3 Ke7 47. Ra8 Bf7 48. fxe5 fxe5 49. g4 hxg4 50. Nxg4 Ke6 51. Ne3 Ke7 52. Rh8 Rc8 53. Rh7 Ra8 54. Ng4 Ra1+ 55. Kf2 Ke6 56. h5 gxh5 57. Rh6+ Ke7 58. Nxe5 Be8 59. Rh7+ Ke6 60. Nd3 Ra2+ 61. Kg3 Rc2 62. Nc5+ Kf6 63. Rh6+ Kg5 64. Rxd6 h4+ 65. Kh3 Rxc3 66. Rd3 Rc4 67. Ne6+ Kf6 68. Nc7 Bf7 69. Kxh4 Rxb4 70. Rd6+ Ke5 71. Rxc6 Rc4 72. Rb6 Rxc7 73. Rxb5+ Kf6 74. Kg4 Be6+ 75. Kf4 Ra7 76. Rb6 Ke7 77. Be2 Rc7 78. Ke5 Rc5+ 79. Kd4 Rc7 80. Rb5 Rd7+ 81. Ke5 Rc7 82. Ra5 Rb7 83. Ra6 Bf7 84. Bg4 Rb5+ 85. Kf4 Rb7 86. Bf5 Rc7 87. e5 Rb7 88. Kg5 Rc7 89. Ra8 Rb7 90. Ra1 Rc7 91. Ra6 Rb7 92. Bg4 Rc7 93. Bf5 Rb7 94. Rh6 Rb2 95. e6 Rg2+ 96. Kf4 Rf2+ 97. Ke5 Re2+ 98. Kd5 Rd2+ 99. Kc5 Be8 100. Kc4 Rf2 101. Bh3 Kd6 102. Kd4 Rf4+ 103. Ke3 Rb4 104. Kf2 Rf4+ 105. Kg3 Rb4 106. Bg4 Ke7 107. Kh4 Rb5 108. Kg3 Rb4 109. Bf5 Ra4 110. Kf3 Bc6+ 111. Ke3 Rb4 112. Rh2 Kf6 113. Rf2 Ke5 114. e7 Rb3+ 115. Kd2 Rf3 116. Bd7 1-0

[Event "Nizhnij Novgorod Dubinin Memorial 18th"]
[Site "Nizhnij Novgorod"]
[Date "2011.01.03"]
[Round "?"]
[White "Bojarinov, Victor A"]
[Black "Golovin, Leonid"]
[Result "0-1"]
[WhiteElo "2301"]
[BlackElo "2473"]
[PlyCount "30"]
[EventDate "2011.01.03"]
[EventType "swiss"]
[EventRounds "9"]
[EventCountry "RUS"]
[SourceTitle "EXT 2012"]
[Source "ChessBase"]
[SourceDate "2011.11.24"]
[SourceVersion "1"]
[SourceVersionDate "2011.11.24"]
[SourceQuality "1"]

1. e4 g6 2. d4 Bg7 3. c3 b6 4. Nf3 Bb7 5. e5 d6 6. e6 fxe6 7. Ng5 Qd7 8. Qg4 Nf6 9. Qxe6 Bd5 10. Qxd7+ Nbxd7 11. Na3 h6 12. Nh3 e5 13. dxe5 Nxe5 14. Nf4 Bf7 15. Nd3 0-0 0-1

[Event "Anapa op-B"]
[Site "Anapa"]
[Date "2010.09.08"]
[Round "7"]
[White "Kostin, Alexey"]
[Black "Golovin, Leonid"]
[Result "1-0"]
[WhiteElo "2374"]
[BlackElo "2468"]
[PlyCount "83"]
[EventDate "2010.08.31"]
[EventType "swiss"]
[EventRounds "9"]
[EventCountry "RUS"]
[SourceTitle "EXT 2013"]
[Source "ChessBase"]
[SourceDate "2012.11.22"]
[SourceVersion "1"]
[SourceVersionDate "2012.11.22"]
[SourceQuality "1"]

1. e4 c5 2. c3 d6 3. d4 Nf6 4. f3 Nbd7 5. Be3 e5 6. dxc5 d5 7. Bb5 dxe4 8. fxe4 Qc7 9. b4 Nxe4 10. Nf3 Be7 11. Qd5 Nef6 12. Qxe5 Qd8 13. Qd4 a6 14. Bc4 0-0 15. 0-0 Qc7 16. Bf4 Qc6 17. Re1 b5 18. Bb3 Re8 19. a4 Bb7 20. axb5 axb5 21. Rxa8 Bxa8 22. Nbd2 h6 23. Qf2 Kf8 24. Nd4 Qc8 25. Nf5 Ng4 26. Nxe7 Rxe7 27. Qg3 Rxe1+ 28. Qxe1 Ngf6 29. Nf3 Ne4 30. Nd4 Ndf6 31. h3 Kg8 32. Be5 Nd7 33. Nf5 Qd8 34. Bd4 Qg5 35. Qf1 Nd2 36. Nxh6+ Qxh6 37. Qxf7+ Kh7 38. Qg8+ Kg6 39. Bf7+ Kf5 40. Qxa8 Nf6 41. Qa2 Nc4 42. Qf2+ 1-0